| 000 | 01154nam a2200349 i 4500 | ||
|---|---|---|---|
| 001 | 000000087 | ||
| 003 | DO-SdBNP | ||
| 005 | 20260527074042.0 | ||
| 007 | ta | ||
| 008 | 260406s1987 dr 000 0 spa d | ||
| 020 | _a | ||
| 040 |
_aDO-SdBNP _bspa _cDO-SdBNP _erda |
||
| 082 |
_axxx _bB742ca _222 |
||
| 100 | 1 |
_a Bosch, Juan, _d1909-2001 _eautor _976555 |
|
| 245 | 1 | 0 |
_aCapitalismo, democracia y liberación nacional / _cJuan Bosch. |
| 250 | _aTercera edición | ||
| 264 |
_aSanto Domingo : _bAlfa & Omega, _c1987 |
||
| 300 |
_a141 páginas ; _c20 cm. |
||
| 336 |
_ardacontent _btexto _2txt |
||
| 337 |
_ardamedia _bsin mediación _2n |
||
| 338 |
_ardacarrier _bvolumen _2nc |
||
| 505 | 0 |
_aEste libro se publica -- _tCapitalismo y democracia -- _t¿Qué es un partido de liberación nacional? -- _tLiberación nacional y socialismo. |
|
| 590 | _aInventariado, 2026/DG | ||
| 610 | 2 | 4 |
_aPartido de La Liberación Dominicana _9284 |
| 650 | 0 |
_aCapitalismo _9280 |
|
| 650 | 0 |
_aPartidos políticos _zRepública Dominicana _9285 |
|
| 650 | 0 |
_aDemocracia _9286 |
|
| 650 | 0 |
_aSocialismo _9287 |
|
| 910 | _aDG | ||
| 942 |
_2ddc _cLBS1 |
||
| 956 | _aVMateo | ||
| 999 |
_c60457 _d60457 |
||